[Event "Online Olym Div Top-A"]
[Site "Chess.com INT"]
[Date "2020.08.22"]
[Round "4.2"]
[White "Chigodo, Cyril"]
[Black "Ghaem Maghami, Ehsan"]
[Result "0-1"]
[WhiteElo "1953"]
[BlackElo "2561"]
[PlyCount "70"]
[EventDate "2020.08.21"]
[EventType "tourn (rapid)"]
[EventRounds "9"]
[EventCountry "USA"]
[SourceTitle "CBM 198"]
[Source "ChessBase"]
[SourceDate "2020.10.31"]
[SourceVersion "1"]
[SourceVersionDate "2020.10.31"]
[SourceQuality "1"]
[WhiteTeam "Zimbabwe"]
[BlackTeam "Iran"]
[WhiteTeamCountry "ZIM"]
[BlackTeamCountry "IRI"]

1. d4 Nf6 2. Nf3 d5 3. Bf4 c5 4. e3 Nc6 5. c3 Qb6 6. Qb3 c4 7. Qc2 Bf5 8. Qc1 e6 9. Nbd2 Be7 10. h3 0-0 11. Nh4 Be4 12. Nhf3 Rac8 13. Be2 Qd8 14. 0-0 Bg6 15. Ne5 b5 16. Bf3 Nxe5 17. Bxe5 Nd7 18. Bg3 Nb6 19. e4 b4 20. Qd1 Qd7 21. h4 h6 22. Re1 Rfe8 23. Qc1 a5 24. Bd1 Na4 25. Bxa4 Qxa4 26. Qd1 Qxd1 27. Raxd1 a4 28. f3 a3 29. cxb4 axb2 30. a3 c3 31. Nb3 c2 32. Nc5 dxe4 33. fxe4 cxd1Q 34. Rxd1 Bxe4 35. Nxe4 Rc1 0-1

[Event "Online Olym Div Top-A"]
[Site "Chess.com INT"]
[Date "2020.08.21"]
[Round "1.2"]
[White "Aravindh, Chithambaram VR"]
[Black "Chigodo, Cyril"]
[Result "1-0"]
[WhiteElo "2641"]
[BlackElo "1953"]
[PlyCount "69"]
[EventDate "2020.08.21"]
[EventType "tourn (rapid)"]
[EventRounds "9"]
[EventCountry "USA"]
[SourceTitle "CBM 198"]
[Source "ChessBase"]
[SourceDate "2020.10.31"]
[SourceVersion "1"]
[SourceVersionDate "2020.10.31"]
[SourceQuality "1"]
[WhiteTeam "India"]
[BlackTeam "Zimbabwe"]
[WhiteTeamCountry "IND"]
[BlackTeamCountry "ZIM"]

1. d4 d5 2. Bf4 e6 3. e3 Nf6 4. Nf3 Bd6 5. Bg3 Bxg3 6. hxg3 c5 7. c3 Nbd7 8. Nbd2 Qc7 9. Bb5 a6 10. Bxd7+ Bxd7 11. Ne5 cxd4 12. exd4 Bb5 13. Qf3 Qe7 14. Qf4 Nd7 15. Ndf3 Nxe5 16. Nxe5 f6 17. Ng6 Qf7 18. Nxh8 Qg8 19. Qc7 Qxh8 20. Qxb7 Rd8 21. a4 Bd3 22. 0-0-0 Bf5 23. Rde1 Rd7 24. Rxe6+ Bxe6 25. Qc8+ Rd8 26. Qxe6+ Kf8 27. Re1 Ra8 28. Qe7+ Kg8 29. Qd7 h5 30. Qxd5+ Kh7 31. Qxh5+ Kg8 32. Qd5+ Kh7 33. Qf7 Kh6 34. f4 g6 35. Rh1# 1-0